[Event "RUS-ch51"]
[Site "St Petersburg"]
[Date "1998.08.04"]
[Round "8"]
[White "Volkov, Sergey"]
[Black "Dreev, Alexey"]
[Result "0-1"]
[WhiteElo "2605"]
[BlackElo "2645"]

1.d4 d5 2.c4 c6 3.Nc3 Nf6 4.e3 e6 5.Bd2 Nbd7 6.Qc2 b6 7.cxd5 exd5 8.Bd3 Be7
9.Nge2 Bb7 10.Ng3 g6 11.h4 Qc7 12.e4 c5 13.Nxd5 Nxd5 14.exd5 Bxd5 15.h5 Bf6
16.hxg6 hxg6 17.Rxh8+ Bxh8 18.Bxg6 Bxd4 19.Be4 Bxe4 20.Nxe4 O-O-O 21.O-O-O Ne5
22.Bg5 Rd5 23.Nc3 Nd3+ 24.Qxd3 Rxg5 25.Qf3 Qb7 26.Ne4 Rg6 27.Qd3 Qd5 28.Kb1 Kb7
29.g4 Re6 30.f3 a6 31.Rh1 Re7 32.Rh5 Qe6 33.a3 Rd7 34.Qc2 c4 35.Rh1 Be5 36.Rd1 Rc7
37.Nc3 Qg6 38.Qxg6 fxg6 39.Ne4 Kc6 40.Kc2 Rh7 41.Rd2 Bf4 42.Rd8 Rh2+ 43.Kc3 b5
44.Kd4 Rxb2 45.Rg8 g5 46.Rg6+ Kc7 47.Rxa6 Rb3 48.Kd5 Rxf3 49.Rc6+ Kd7 50.Kc5 Rb3
51.Nf6+ Ke7 52.Nd5+ Kf7 53.Nb4 Bc1 54.Rc7+ Ke6 55.Nc2 Ke5 56.Rf7 Ke4 57.a4 bxa4
58.Kxc4 Bb2 59.Rf2 Rf3 60.Re2+ Kf4 61.Ne1 Rc3+ 62.Kb4 a3 63.Rg2 Rg3 64.Rf2+ Kxg4
65.Rf1 Bc3+ 66.Kc4 Bxe1 67.Rxe1 a2  0-1

[Event "RUS-ch51"]
[Site "St Petersburg"]
[Date "1998.08.06"]
[Round "10"]
[White "Dreev, Alexey"]
[Black "Pigusov, Evgeny"]
[Result "1/2-1/2"]
[WhiteElo "2645"]
[BlackElo "2605"]

1.d4 Nf6 2.c4 e6 3.Nc3 Bb4 4.Qc2 c5 5.dxc5 Na6 6.a3 Bxc3+ 7.Qxc3 Nxc5 8.b4 Nce4
9.Qd4 d5 10.c5 b6 11.f3 bxc5 12.bxc5 Qa5+ 13.Qb4 Qc7 14.fxe4  1/2-1/2

[Event "RUS-ch51"]
[Site "St Petersburg"]
[Date "1998.08.07"]
[Round "11"]
[White "Kharlov, Andrei"]
[Black "Dreev, Alexey"]
[Result "1/2-1/2"]
[WhiteElo "2575"]
[BlackElo "2645"]

1.c4 e6 2.Nf3 d5 3.d4 Nf6 4.Nc3 c6 5.Qb3 Nbd7 6.Bg5 Qa5 7.Bd2 Qd8 8.Qc2 b6
9.e4 dxe4 10.Nxe4 Bb7 11.Bd3 Be7 12.Ne5 Nxe5 13.dxe5 Nxe4 14.Bxe4 Qc7 15.Bc3 O-O-O
16.O-O c5 17.Rad1 g6 18.h3 h5 19.Qe2 Rxd1 20.Rxd1 Rd8 21.Rxd8+ Bxd8 22.Bxb7+ Qxb7
23.b3  1/2-1/2

[Event "RUS-Cup final"]
[Site "Samara"]
[Date "1998.09.02"]
[Round "5"]
[White "Dreev, Alexey"]
[Black "Yakovich, Yuri"]
[Result "1/2-1/2"]
[WhiteElo "2645"]
[BlackElo "2560"]

1.d4 d5 2.c4 dxc4 3.e4 Nf6 4.e5 Nd5 5.Bxc4 Nb6 6.Bd3 Nc6 7.Ne2 Bg4 8.Be3 Qd7
9.Nbc3 O-O-O 10.Be4 f5 11.Bc2  1/2-1/2

[Event "RUS-Cup final"]
[Site "Samara"]
[Date "1998.09.04"]
[Round "6"]
[White "Fedorov, Alexei"]
[Black "Dreev, Alexey"]
[Result "0-1"]
[WhiteElo "2600"]
[BlackElo "2645"]

1.e4 c6 2.d4 d5 3.e5 Bf5 4.Nc3 Qb6 5.g4 Bd7 6.Na4 Qc7 7.Bg2 Na6 8.f4 h5 9.h3 c5
10.Nc3 cxd4 11.Nxd5 Qa5+ 12.Bd2 Qd8 13.Nb4 Nxb4 14.Bxb4 Qb6 15.Qd2 Bc6 16.Bxc6+ Qxc6
17.Rh2 hxg4 18.O-O-O a5 19.Ba3 g3 20.Rg2 Nh6 21.Rxg3 Nf5 22.Rd3 Ne3 23.Re1 Rc8
24.Kb1 Nxc2 25.Rc1 Nxa3+ 26.Rxa3 Qxc1+ 27.Qxc1 Rxc1+ 28.Kxc1 b6 29.Rb3 Rh6
30.Kd2 Kd7 31.Nf3 e6 32.Nxd4 Bb4+ 33.Kc2 Bc5 34.Ne2 f6 35.Rg3 fxe5 36.fxe5 Kc6
37.Rxg7 Kd5 38.Nf4+ Ke4 39.Rg4 Kf5 40.Nd3 Be3 41.Rg3 Ke4 42.a4 Rh7 43.Rg4+ Kf3
44.Ne1+ Ke2 45.Ng2 Rxh3 46.Nxe3 Rxe3 47.Rd4 Rxe5 48.Rd6 Rc5+ 49.Kb3 e5 50.Rxb6 Kd3
51.Rd6+ Ke3 52.Ka3 e4 53.b4 Rc3+ 54.Kb2 axb4 55.a5 Ra3 56.a6 Ke2 57.Rd4 e3
58.Rd6 Ke1 59.Rf6 e2 60.Re6 Kd2 61.Rd6+ Rd3  0-1

[Event "RUS-Cup final"]
[Site "Samara"]
[Date "1998.09.06"]
[Round "8"]
[White "Zvjaginsev, Vadim"]
[Black "Dreev, Alexey"]
[Result "1/2-1/2"]
[WhiteElo "2650"]
[BlackElo "2645"]

1.c4 c6 2.e4 d5 3.exd5 cxd5 4.d4 Nf6 5.Nc3 Nc6 6.Nf3 Bg4 7.cxd5 Nxd5 8.Qb3 Bxf3
9.gxf3 e6 10.Qxb7 Nxd4 11.Bb5+ Nxb5 12.Qc6+ Ke7 13.Qxb5 Qd7 14.Nxd5+ Qxd5
15.Qxd5 exd5 16.Bg5+ f6 17.Be3 Ke6  1/2-1/2

[Event "RUS-Cup final"]
[Site "Samara"]
[Date "1998.09.08"]
[Round "10"]
[White "Landa, Konstantin"]
[Black "Dreev, Alexey"]
[Result "1/2-1/2"]
[WhiteElo "2520"]
[BlackElo "2645"]

1.d4 d5 2.c4 c6 3.Nc3 Nf6 4.e3 e6 5.Qc2 Nbd7 6.Bd2 b6 7.cxd5 exd5 8.Bd3 Bb7
9.Nf3 Be7 10.O-O O-O 11.Ne5 c5 12.f4 a6 13.a4 Nb8 14.Bf5 Nc6 15.Ne2 g6 16.Bh3 Ne4
17.Rad1 Qc7 18.Be1 Rad8 19.Kh1 Rfe8 20.Nc3 Nxc3 21.Bxc3 Nxe5 22.fxe5 Bc8
23.Bxc8 Qxc8 24.e4 cxd4 25.Rxd4 dxe4 26.Rxe4 Bg5 27.Re2 Qe6 28.Ref2 Rd7 29.Qe2 a5
30.Qb5 Red8 31.Qe2 h5 32.h3 Rc8 33.Qa6 Rcd8 34.Qe2 Re8 35.Qa6 Bh4 36.Rf3 Bg5
37.R3f2 Rc7 38.Rd1 Be7 39.Qb5 Rd8 40.Rxd8+ Bxd8 41.Rd2 Be7 42.Qe8+ Kh7 43.Rf2 Bg5
44.Qxe6 fxe6 45.g3 Kg7 46.Bd4 Bd8 47.Kg2 Rc4 48.Rd2 Rxa4  1/2-1/2

[Event "Elista ol (Men)"]
[Site "Elista"]
[Date "1998.10.02"]
[Round "4"]
[White "Mitkov, Nikola"]
[Black "Dreev, Alexey"]
[Result "0-1"]
[WhiteElo "2515"]
[BlackElo "2645"]

1.e4 c6 2.d4 d5 3.e5 Bf5 4.Nf3 e6 5.Be2 Ne7 6.O-O h6 7.b3 c5 8.c4 dxc4 9.Bxc4 cxd4
10.Nxd4 Nbc6 11.Bb2 Nxd4 12.Qxd4 Qxd4 13.Bxd4 Nc6 14.Bb5 O-O-O 15.Bb2 Nd4
16.Rc1+ Kb8 17.Nc3 Bb4 18.Bf1 Nc2 19.Rab1 Na3 20.Ra1 Rd2 21.Nd1 Nc2 22.Rab1 Rhd8
23.h3 Bg6 24.Kh2 Na3 25.Ra1 Nb1 26.a3 Be7 27.Nc3 Rxb2 28.Nxb1 Bg5 29.Re1 Rxf2
30.Bc4 Rc2 31.Kg3 Rd4 32.a4 Bh4+  0-1

[Event "Elista ol (Men)"]
[Site "Elista"]
[Date "1998.10.03"]
[Round "5"]
[White "Svidler, Peter"]
[Black "Dreev, Alexey"]
[Result "1/2-1/2"]
[WhiteElo "2710"]
[BlackElo "2645"]

1.e4 c6 2.d4 d5 3.e5 Bf5 4.Nf3 e6 5.Be2 Ne7 6.O-O h6 7.Nbd2 Nd7 8.Re1 Bh7
9.Nf1 c5 10.c4 dxc4 11.Ne3 cxd4 12.Nxd4 Nxe5 13.Nxc4 N7c6 14.Nxe5 Qxd4 15.Nxc6 Qxd1
16.Rxd1 bxc6 17.Bf3 Rc8 18.Be3 c5 19.Rac1 Be7 20.Rc4 O-O 21.Rd7 Bf6 22.Rxc5 Bxb2
23.Rxc8 Rxc8 24.Bb7 Re8 25.Bxa7 Bc2 26.g3 Ba3 27.Bf3 Bb1 28.Be3 Rc8 29.Ra7 Bc5
30.Bxc5 Rxc5 31.a4 Bd3 32.h4 e5 33.Ba8  1/2-1/2

[Event "Elista ol (Men)"]
[Site "Elista"]
[Date "1998.10.04"]
[Round "6"]
[White "Dreev, Alexey"]
[Black "Peng Xiaomin"]
[Result "1/2-1/2"]
[WhiteElo "2645"]
[BlackElo "2550"]

1.d4 Nf6 2.c4 g6 3.Nc3 Bg7 4.e4 d6 5.f3 O-O 6.Nge2 c5 7.d5 e6 8.Ng3 exd5
9.cxd5 a6 10.a4 Nbd7 11.Be2 h5 12.Bg5 Qa5 13.Nf1 Re8 14.Nd2 Ne5 15.O-O Nh7
16.Bh4 g5 17.f4 gxf4 18.Bxh5 Qb4 19.Rb1 Ng6 20.Bf2 b5 21.axb5 axb5  1/2-1/2

[Event "Elista ol (Men)"]
[Site "Elista"]
[Date "1998.10.07"]
[Round "9"]
[White "Dreev, Alexey"]
[Black "Topalov, Veselin"]
[Result "1/2-1/2"]
[WhiteElo "2645"]
[BlackElo "2700"]

1.d4 Nf6 2.c4 g6 3.Nc3 Bg7 4.e4 d6 5.f3 O-O 6.Nge2 c5 7.d5 e6 8.Ng3 exd5
9.cxd5 h5 10.Bg5 Qb6 11.Qb3 Qc7 12.Be2 a6 13.a4 Nh7 14.Be3 Qe7 15.O-O Nd7
16.f4 Bd4 17.Bf2 h4 18.Nh1 g5 19.Qd1 Qf6 20.fxg5  1/2-1/2

[Event "Elista ol (Men)"]
[Site "Elista"]
[Date "1998.10.09"]
[Round "10"]
[White "Dreev, Alexey"]
[Black "Shabalov, Alexander"]
[Result "1/2-1/2"]
[WhiteElo "2645"]
[BlackElo "2645"]

1.d4 e6 2.c4 b6 3.e4 Bb7 4.Bd3 f5 5.exf5 Bb4+ 6.Kf1 Nf6 7.c5 bxc5 8.a3 c4
9.Bxc4 Ba5 10.Nf3 O-O 11.Bd2 Nc6 12.Bxa5 Nxa5 13.Ba2 Ne4 14.b4 Rxf5 15.bxa5 Nxf2
16.Kxf2 Qh4+ 17.Kf1 Ba6+ 18.Kg1 Rxf3 19.gxf3 Rf8 20.Nd2 Qg5+  1/2-1/2

[Event "Elista ol (Men)"]
[Site "Elista"]
[Date "1998.10.10"]
[Round "11"]
[White "Timman, Jan H"]
[Black "Dreev, Alexey"]
[Result "1/2-1/2"]
[WhiteElo "2655"]
[BlackElo "2645"]

1.d4 d5 2.c4 c6 3.Nf3 Nf6 4.Nc3 e6 5.e3 Nbd7 6.Bd3 dxc4 7.Bxc4 b5 8.Bd3 Bb7
9.O-O a6 10.e4 c5 11.d5 Qc7 12.dxe6 fxe6 13.Bc2 Qc6 14.Bf4 Rd8 15.Qe2 Be7
16.Rad1 O-O 17.Rfe1 Nh5 18.Bc1 Qb6 19.Rxd7 Rxd7 20.Ne5 Nf6 21.Nxd7 Nxd7 22.e5 c4
23.Be3 Qc6 24.Be4 Qc8 25.Bc2 Qc6 26.Be4 Qc8 27.Bc2 Nc5 28.Rd1 b4 29.Qh5 Nd3
30.Ne2 Be4 31.Nd4 Bc5 32.Bxd3 Bxd3 33.Qg4 Re8 34.h4 Qb7 35.b3 Bf8 36.h5 Qf7
37.Rd2 a5  1/2-1/2

[Event "Elista ol (Men)"]
[Site "Elista"]
[Date "1998.10.11"]
[Round "12"]
[White "Ivanchuk, Vassily"]
[Black "Dreev, Alexey"]
[Result "1/2-1/2"]
[WhiteElo "2730"]
[BlackElo "2645"]

1.e4 c6 2.d4 d5 3.Nc3 dxe4 4.Nxe4 Bf5 5.Ng3 Bg6 6.h4 h6 7.Nf3 Nf6 8.Ne5 Bh7
9.Bc4 e6 10.Qe2 Nd5 11.Bd2 Nd7 12.O-O-O Nxe5 13.dxe5 Qc7 14.f4 O-O-O 15.Ne4 Be7
16.h5 f6 17.exf6 gxf6 18.Rhf1 Rhe8  1/2-1/2

[Event "Bayern-ch Bank Hofmann 2nd"]
[Site "Bad Wiesse"]
[Date "1998.??.??"]
[Round "2"]
[White "Dreev, Alexey"]
[Black "Schweiger, Georg"]
[Result "1-0"]
[WhiteElo "2645"]
[BlackElo "2200"]

1.d4 d5 2.c4 Nc6 3.Nc3 dxc4 4.Nf3 Nf6 5.Bg5 h6 6.Bh4 Bg4 7.d5 Bxf3 8.exf3 Ne5
9.f4 Nd3+ 10.Bxd3 cxd3 11.Qxd3 c6 12.Bxf6 gxf6 13.O-O-O Rc8 14.Rhe1 cxd5
15.Kb1 e6 16.Nxd5 Bd6 17.Ne3 Rc6 18.Nf5 Be7 19.Ng7+ Kf8 20.Qxd8+ Bxd8 21.Nxe6+ fxe6
22.Rxd8+ Kg7 23.Rd7+ Kg6 24.Rxb7 a6 25.Rd7 Rhc8 26.Rd2 Kf5 27.g3 h5 28.f3 a5
29.a3 Rb8 30.Re3 h4 31.g4+ Kg6 32.Rd4 Rcb6 33.Rd2 R8b7 34.Rxe6 Rxe6 35.f5+ Kf7
36.fxe6+ Kxe6 37.Re2+ Kd5 38.Kc2 f5 39.gxf5 Rf7 40.Re4 Rxf5 41.Rxh4 Rxf3
42.Ra4  1-0

[Event "Bayern-ch Bank Hofmann 2nd"]
[Site "Bad Wiesse"]
[Date "1998.??.??"]
[Round "3"]
[White "Schaller, Sven"]
[Black "Dreev, Alexey"]
[Result "0-1"]
[WhiteElo "2345"]
[BlackElo "2645"]

1.Nf3 d5 2.c4 c6 3.e3 Nf6 4.Nc3 e6 5.b3 Nbd7 6.Qc2 Bd6 7.Bb2 O-O 8.d4 Qe7
9.O-O-O b6 10.cxd5 exd5 11.Bd3 Re8 12.g4 Bb4 13.g5 Ne4 14.h4 a5 15.h5 a4
16.g6 axb3 17.axb3 Bxc3 18.Bxc3 fxg6 19.hxg6 h6 20.Bb2 Ba6 21.Bxa6 Rxa6 22.Ne5 Nxe5
23.dxe5 Ra5 24.Kb1 Rc5 25.Qe2 Nc3+ 26.Bxc3 Rxc3 27.Qb2 Qxe5 28.Rd4 Qf5+ 29.e4 Qf3  0-1

[Event "Bayern-ch Bank Hofmann 2nd"]
[Site "Bad Wiesse"]
[Date "1998.??.??"]
[Round "4"]
[White "Dreev, Alexey"]
[Black "Hoffmann, M."]
[Result "1/2-1/2"]
[WhiteElo "2645"]
[BlackElo "2440"]

1.d4 Nf6 2.c4 g6 3.Nc3 d5 4.Nf3 Bg7 5.Bf4 O-O 6.Rc1 dxc4 7.e4 b5 8.Nxb5 Nxe4
9.Bxc7 Qd7 10.Bxc4 a6 11.Na3 Nc6 12.O-O Bb7 13.Bb6 Rab8 14.Bb3 Ba8 15.Nc4 Nd6
16.Bc5 Nxc4 17.Bxc4 Rxb2 18.Re1 Bf6 19.Qa4 Rd8 20.Rcd1 Rbb8 21.Bb3 Qg4 22.h3 Qf4
23.Qxa6 Nb4 24.Qe2 Nd5 25.Rc1 Qf5 26.Qc2 Qh5 27.Qd2 e6 28.Ba3 Ne7 29.Rc5 Nf5
30.Bd1 Nxd4 31.Qf4 Nf5 32.Be2 Bxf3 33.Bxf3 Qh4 34.Qxh4 Nxh4 35.Be4 Be7 36.Ra5 Bxa3
37.Rxa3 Rb2 38.Rf1 Rdd2 39.Bb1 Nf5 40.Ra8+ Kg7 41.Bxf5 gxf5  1/2-1/2

[Event "Bayern-ch Bank Hofmann 2nd"]
[Site "Bad Wiesse"]
[Date "1998.??.??"]
[Round "7"]
[White "Hedke, Fred"]
[Black "Dreev, Alexey"]
[Result "1/2-1/2"]
[WhiteElo "2350"]
[BlackElo "2645"]

1.e4 c6 2.d4 d5 3.exd5 cxd5 4.c4 Nf6 5.Nc3 e6 6.Nf3 Bb4 7.Bg5 O-O 8.cxd5 exd5
9.Bxf6 Qxf6 10.Be2 Nc6 11.O-O Rd8 12.Qb3 Be6 13.Rad1 Rab8 14.h3 a6 15.Rfe1 Ba5
16.a3 b5 17.Qc2 Bb6 18.Qd2 h6 19.Na2 Bc7 20.b4 Bf5 21.Nc1 Be4 22.Nb3 Qd6
23.Kf1 Ne7 24.Nc5 Ng6 25.g3 Qf6 26.Qc3 Bd6 27.Ng1 Ne7 28.Bf3 Bxc5 29.bxc5 Bf5
30.Kg2 Nc6 31.Ne2 g5 32.g4 Bg6 33.Rd2 a5 34.Qb3 a4 35.Qd1 b4 36.axb4 Rxb4
37.Nc3 Nxd4 38.Nxd5 Qxf3+ 39.Qxf3 Nxf3 40.Kxf3 Rb3+ 41.Re3 Kg7 42.c6 Rd6
43.c7 Rc6 44.Rd4 Bc2 45.Ke2 Rxe3+ 46.Kxe3 a3 47.Nb4 Rxc7 48.Nxc2 Rxc2 49.Ra4 a2
50.Ra6 f6 51.f3 Kg6 52.Ke4 h5 53.Ke3 h4 54.Ra7 Rh2 55.Ra6 Kf7 56.Ke4 Re2+
57.Kd3 Rb2 58.Ke3 Ke7 59.Ke4 Rf2 60.Ke3 Rc2 61.Kd3 Rb2 62.Ke3 Kd7 63.Ke4 Rf2
64.Ke3 Rh2 65.Ke4 Re2+ 66.Kd3 Rh2 67.Ke4 Rxh3 68.Rxa2 Rg3 69.Ke3 Rg1 70.Kf2 Rc1
71.Ra5 Rc7 72.Ke3 Ke6 73.f4 h3 74.fxg5 h2 75.Ra6+ Ke5 76.Ra5+ Ke6 77.Ra6+ Kd5
78.Ra5+ Rc5 79.Ra1 fxg5 80.Kf3 Rc7 81.Re1  1/2-1/2

[Event "Bayern-ch Bank Hofmann 2nd"]
[Site "Bad Wiesse"]
[Date "1998.??.??"]
[Round "8"]
[White "Dreev, Alexey"]
[Black "Biebinger, Gerhard"]
[Result "1-0"]
[WhiteElo "2645"]
[BlackElo "2335"]

1.d4 d5 2.c4 c6 3.Nc3 Nf6 4.e3 Bf5 5.cxd5 cxd5 6.Qb3 Bc8 7.Bd3 e6 8.f4 Nc6
9.Nf3 Be7 10.O-O h6 11.Ne5 Bd7 12.Bd2 b5 13.Qd1 g6 14.a4 b4 15.Na2 a5 16.Qf3 O-O
17.Nc1 Be8 18.Ne2 b3 19.Nc3 Nb4 20.Bb1 Rb8 21.Qd1 Nc2 22.Bxc2 bxc2 23.Qxc2 Bb4
24.Be1 Qc8 25.Rc1 Qb7 26.Bh4 Ne4 27.Nxe4 dxe4 28.Bf6 Be7 29.Bxe7 Qxe7 30.b3 Qb7
31.Rb1 f6 32.Nc4 Qd5 33.Rfc1 Kh8 34.Nd2 g5 35.Rf1 gxf4 36.Rxf4 f5 37.Nxe4 Bxa4
38.bxa4 fxe4 39.Rxb8 Rxb8 40.Qxe4 Rd8 41.Qxd5  1-0

[Event "Presidents Cup"]
[Site "Elista"]
[Date "1998.??.??"]
[Round "4.2"]
[White "Dreev, Alexey"]
[Black "Khalifman, Alexander"]
[Result "1/2-1/2"]
[WhiteElo "2630"]
[BlackElo "2660"]

1.d4 Nf6 2.c4 g6 3.Nc3 d5 4.Nf3 Bg7 5.Bf4 O-O 6.Rc1 dxc4 7.e4 c5 8.dxc5 Qa5
9.e5 Rd8 10.Bd2 Ng4 11.Bxc4 Nc6 12.Nb5 Rxd2 13.Qxd2 Qxd2+ 14.Kxd2 Ngxe5 15.Nxe5 Bxe5
16.Ke3 Bf5 17.Nc3 Bd4+ 18.Ke2 Bxc5 19.Rhd1 Bd4 20.h3 h5 21.Bd3 Be6 22.Be4 Be5
23.Ke3 g5 24.g3 Bxh3 25.Rh1 g4 26.Ne2 Bg7 27.Nf4 Bh6 28.Bxc6 bxc6 29.Rc5 h4
30.Rh5 Kg7 31.Rxh6 Kxh6 32.Nxh3 gxh3 33.Rxh3 Kg6 34.Rxh4 Kf5 35.Rc4 Rc8 36.Kd4 Rd8+
37.Ke3 Rc8 38.Kd4 Rd8+ 39.Kc3 Rc8 40.b4 Ke5 41.Rc5+ Kd6 42.Rf5 f6 43.Ra5 Ra8
44.Kd4 e5+ 45.Ke4 Ke6 46.Ra6 f5+ 47.Ke3 Kd6 48.a3 Rh8 49.Rxa7 Rh1 50.Ra8 Rb1
51.Rd8+ Ke6 52.Rd3 Re1+ 53.Kd2 Ra1 54.Ke2 Ra2+ 55.Ke3 Ra1 56.Rc3 Kd6 57.f4 Ra2
58.fxe5+ Kxe5 59.Kf3 Ra1 60.Re3+ Kf6 61.Rc3 Ke5 62.Rc5+ Kd6 63.Rc3  1/2-1/2

[Event "Linares Anibal op"]
[Site "Linares"]
[Date "1999.01.09"]
[Round "2"]
[White "Pedzich, Dominik"]
[Black "Dreev, Alexey"]
[Result "0-1"]
[WhiteElo "2435"]
[BlackElo "2645"]

1.e4 c6 2.d4 d5 3.Nc3 dxe4 4.Nxe4 Bf5 5.Ng3 Bg6 6.Bc4 e6 7.N1e2 Nf6 8.Nf4 Bd6
9.c3 Nbd7 10.Qf3 Nb6 11.Bb3 Nbd5 12.Nxg6 hxg6 13.Bg5 Be7 14.O-O Nd7 15.Bxe7 Qxe7
16.Rfe1 N5f6 17.a4 Qd6 18.a5 a6 19.Bc4 g5 20.Qf5 Qf4 21.Qxf4 gxf4 22.Nf5 g6
23.Nd6+ Ke7 24.Nxb7 Rhb8 25.Nc5 Nxc5 26.dxc5 Rxb2 27.g3 fxg3 28.hxg3 Nd7
29.Reb1 Rxb1+ 30.Rxb1 Nxc5 31.Kg2 Kd6 32.Rd1+ Kc7 33.Rh1 Kd6 34.Rd1+ Ke7
35.Rb1 Ra7 36.Rb4 Nb7 37.Bxa6 Nxa5 38.Be2 Nb7 39.Bf3 Kd6 40.Rd4+ Kc7 41.Rc4 Ra6
42.Be2 Ra5 43.Rh4 Nd6 44.Rh8 Ra2 45.Kf1 Rc2 46.c4 Rc1+ 47.Kg2 e5 48.Ra8 Kb6
49.Rd8 Kc5 50.Rd7 Rc2 51.Kf1 Rb2 52.Re7 e4 53.Ra7 Rb7 54.Ra5+ Kb4 55.Ra6 Re7
56.Ra1 f5 57.Ke1 g5 58.Rd1 Kc5 59.Ra1 Kd4 60.Rd1+ Ke5 61.Ra1 f4 62.Ra5+ c5
63.gxf4+ gxf4 64.Ra1 f3 65.Bf1 Nf5 66.Kd2 Rd7+ 67.Kc3 e3 68.fxe3 Nxe3 69.Bd3 f2
70.Be2 Nf5  0-1

[Event "Linares Anibal op"]
[Site "Linares"]
[Date "1999.01.10"]
[Round "3"]
[White "Dreev, Alexey"]
[Black "Borges Mateos, Juan"]
[Result "1-0"]
[WhiteElo "2645"]
[BlackElo "2470"]

1.d4 f5 2.g3 Nf6 3.Bg2 e6 4.c4 d5 5.Nh3 c6 6.Qc2 Bd6 7.Nd2 O-O 8.Nf3 Nbd7
9.O-O Nh5 10.Ne1 h6 11.Nd3 g5 12.Bd2 Nhf6 13.f3 Qe7 14.Rae1 c5 15.e3 b6 16.Nhf2 Ba6
17.cxd5 exd5 18.Qa4 Bb7 19.Bh3 c4 20.Nc1 Qe6 21.Ne2 g4 22.Nf4 Bxf4  1-0

[Event "Linares Anibal op"]
[Site "Linares"]
[Date "1999.01.12"]
[Round "5"]
[White "Dreev, Alexey"]
[Black "Svetushkin, Dmitry"]
[Result "1-0"]
[WhiteElo "2645"]
[BlackElo "2460"]

1.d4 d5 2.c4 dxc4 3.e4 e5 4.Nf3 exd4 5.Bxc4 Nc6 6.O-O Be6 7.Bb5 Bc5 8.Nbd2 Ne7
9.Ng5 Qd7 10.Nxe6 Qxe6 11.Nb3 Qd6 12.Bf4 Qxf4 13.Nxc5 O-O 14.Rc1 b6 15.Nd3 Qxe4
16.Re1 Qd5 17.Qa4 Qf5 18.Rxc6 Nxc6 19.Bxc6 Rad8 20.Qb5 Qf6 21.b4 Rd6 22.Rc1 Qe6
23.Qc4 a5 24.b5 Rfd8 25.Qxe6 Rxe6 26.Kf1 g6 27.Bf3 Re7 28.Be2 Kg7 29.Ke1 Rd5
30.a4 Rd6 31.Kd2 h6 32.Bf3 g5 33.Bh5 f5 34.g3 Kf6 35.Bf3 Rg7 36.Bd1 Re7 37.Rc4 Rg7
38.f4 Re7 39.Bf3 Rg7 40.Rc1 Re7 41.Bd1 Rh7 42.Be2 Rg7 43.Ke1 Re7 44.Kf2 Kg7
45.Rc4 Kf7 46.Ne5+ Kf6 47.Bd3 Rg7 48.Rc1 Re7 49.h4 g4 50.Ke2 Rd5 51.Rc6+ Rd6
52.Rc4 Rde6 53.Kd2 Rd6 54.h5 Rd5 55.Rc6+ Rd6 56.Rc1 Rd5 57.Rc4 Rd6 58.Ng6 Red7
59.Nh4 Rd5 60.Nxf5 Rxf5 61.Rc6+ Rd6 62.Rxd6+ cxd6 63.Bxf5 Kxf5 64.Kd3  1-0

[Event "Linares Anibal op"]
[Site "Linares"]
[Date "1999.01.13"]
[Round "6"]
[White "Burmakin, Vladimir"]
[Black "Dreev, Alexey"]
[Result "1/2-1/2"]
[WhiteElo "2560"]
[BlackElo "2645"]

1.d4 d5 2.c4 c6 3.Nf3 Nf6 4.Nc3 e6 5.e3 Nbd7 6.Qc2 Bd6 7.Be2 O-O 8.O-O dxc4
9.Bxc4 a6 10.Bd2 c5 11.Bd3 cxd4 12.exd4 h6 13.Qc1 Re8 14.Bf4 e5 15.Bg3 Nh5
16.Bxe5 Bxe5 17.dxe5 Nxe5 18.Nxe5 Rxe5 19.Be4 Nf6 20.Qf4 Qe7 21.Bf3 Rf5 22.Qd4 Be6
23.Rad1 Rc8 24.Rfe1 b5 25.a3 Rfc5 26.Qd6 Qa7 27.Qd4  1/2-1/2

[Event "Linares Anibal op"]
[Site "Linares"]
[Date "1999.01.15"]
[Round "8"]
[White "Kharlov, Andrei"]
[Black "Dreev, Alexey"]
[Result "1/2-1/2"]
[WhiteElo "2575"]
[BlackElo "2645"]

1.c4 c6 2.d4 d5 3.Nf3 Nf6 4.Qb3 dxc4 5.Qxc4 Bf5 6.g3 e6 7.Bg2 Nbd7 8.Nc3 Be7
9.O-O O-O 10.e3 Ne4 11.Rd1 Nxc3 12.bxc3 Be4 13.Qb3 b5 14.Ne1 Bd5 15.Bxd5 exd5
16.a4 a6 17.Ba3  1/2-1/2

[Event "Linares Anibal op"]
[Site "Linares"]
[Date "1999.01.16"]
[Round "9"]
[White "Dreev, Alexey"]
[Black "Sorokin, Maxim"]
[Result "1/2-1/2"]
[WhiteElo "2645"]
[BlackElo "2570"]

1.d4 Nf6 2.c4 e6 3.Nf3 b6 4.Nc3 Bb7 5.a3 d5 6.Qa4+ Bc6 7.Qb3 Nbd7 8.Bf4 Bd6
9.cxd5 Nxd5 10.Bg5 Qb8 11.Nb5 N5f6 12.Nxd6+ cxd6 13.Nd2 O-O 14.f3 e5 15.Rc1 Bd5
16.Qd3 Rc8 17.Rd1 Be6 18.e3 Qc7 19.Qb1 h6 20.Bxf6 Nxf6 21.Ba6 Rcb8 22.Rc1 Qe7
23.dxe5 dxe5 24.Qd3 Rd8 25.Qe2 e4 26.O-O exf3  1/2-1/2

[Event "Ubeda op"]
[Site "Ubeda"]
[Date "1999.01.23"]
[Round "4"]
[White "Dreev, Alexey"]
[Black "Rashkovsky, Nukhim N"]
[Result "1-0"]
[WhiteElo "2645"]
[BlackElo "2535"]

1.d4 Nf6 2.c4 e6 3.Nc3 Bb4 4.Qc2 d6 5.Nf3 Nbd7 6.Bd2 O-O 7.a3 Bxc3 8.Bxc3 Qe7
9.b4 e5 10.e3 c6 11.dxe5 Nxe5 12.Be2 Be6 13.Nd2 b5 14.c5 Ned7 15.cxd6 Qxd6
16.O-O a6 17.Rfd1 Qe7 18.Bd4 Rfc8 19.Nb3 Bxb3 20.Qxb3 c5 21.bxc5 Nxc5 22.Qb4 Rc7
23.Rac1 Rac8 24.Bf3 Kf8 25.Qa5 Qe6 26.a4 Ne8 27.axb5 axb5 28.Qxb5 Nd7 29.Rxc7 Rxc7
30.h3 Ndf6 31.Bb2 Rc8 32.g4 h6 33.Kg2 Kg8 34.Qe5 Qxe5 35.Bxe5 Kf8 36.h4 Ke7
37.Kg3 Rc2 38.Ra1 Nd7 39.Bd4 f6 40.Ra7 Nd6 41.Bd1  1-0

[Event "Ubeda op"]
[Site "Ubeda"]
[Date "1999.01.24"]
[Round "5"]
[White "Landa, Konstantin"]
[Black "Dreev, Alexey"]
[Result "1/2-1/2"]
[WhiteElo "2520"]
[BlackElo "2645"]

1.e4 c6 2.d4 d5 3.Nc3 dxe4 4.Nxe4 Bf5 5.Ng3 Bg6 6.Bc4 e6 7.N1e2 Nf6 8.Nf4 Bd6
9.c3 Nbd7 10.Qf3 Nb6 11.Bb3 Nbd5 12.Nxg6 hxg6 13.Bg5  1/2-1/2

[Event "Novgorod op"]
[Site "Novgorod"]
[Date "1999.03.19"]
[Round "1"]
[White "Vokarev, Sergey"]
[Black "Dreev, Alexey"]
[Result "1/2-1/2"]
[WhiteElo "2462"]
[BlackElo "2639"]

1.e4 c6 2.e5 d6 3.exd6 exd6 4.d4 d5 5.Nf3 Bd6 6.Bd3 Ne7 7.O-O O-O 8.Re1 Bf5
9.Bg5 Bg6 10.Bxg6 hxg6 11.Qd3 Na6 12.Nbd2 Nc7 13.Bxe7 Bxe7 14.Ne5 Bd6 15.Re3 Qc8
16.Ndf3 Qf5 17.Rae1 Qxd3 18.Nxd3 a5 19.Nfe5 g5 20.a4 Rfe8 21.Nd7 Rxe3 22.Rxe3 Ne6
23.c3 Rd8 24.N7c5 Nxc5 25.Nxc5 Rb8 26.Nd7 Rc8 27.Kf1 Bf4 28.Re2 Rd8 29.Ne5 f6
30.Nd3 Bd6 31.Nc5 Bxc5 32.dxc5 Kf7 33.Rd2 Ke6 34.h3 Rb8 35.Ke2 b6 36.cxb6 Rxb6
37.Kd3 c5 38.Kc2 Kd6 39.b3 Rb8 40.Re2 f5 41.f3 g6 42.Re1 Rc8 43.Re2 c4 44.bxc4 Rxc4
45.Kb3 Rc8 46.Re1 Rh8 47.Re3 Rb8+ 48.Kc2 Rc8 49.Kb3 Rd8 50.Re1 Rc8  1/2-1/2

[Event "Novgorod op"]
[Site "Novgorod"]
[Date "1999.03.20"]
[Round "2"]
[White "Dreev, Alexey"]
[Black "Filipenko, Alexander V"]
[Result "1-0"]
[WhiteElo "2639"]
[BlackElo "2360"]

1.d4 Nf6 2.c4 c5 3.d5 g6 4.Nc3 Bg7 5.e4 O-O 6.Nf3 d6 7.h3 e6 8.Bd3 Na6 9.O-O Nc7
10.Bg5 h6 11.Be3 exd5 12.exd5 b5 13.b3 Re8 14.Qd2 Kh7 15.Rae1 Rb8 16.Qc2 Na6
17.Nxb5 Nb4 18.Qd2 Rxb5 19.cxb5 Nfxd5 20.Rc1 Nxd3 21.Qxd3 Nxe3 22.fxe3 Bf5
23.Qd2 Qb6 24.Rc4 Be4 25.Ra4 Bb7 26.Qa5 Rxe3 27.Qxb6 axb6 28.Ra7 Re7 29.Re1 Rd7
30.Re8 d5 31.Rb8 Bc6 32.Rxd7 Bxd7 33.Rxb6  1-0

[Event "Novgorod op"]
[Site "Novgorod"]
[Date "1999.03.21"]
[Round "3"]
[White "Beshukov, Sergei"]
[Black "Dreev, Alexey"]
[Result "1/2-1/2"]
[WhiteElo "2511"]
[BlackElo "2639"]

1.e4 c6 2.c4 d5 3.exd5 cxd5 4.cxd5 Nf6 5.Nc3 Nxd5 6.Nf3 Nxc3 7.bxc3 g6 8.d4 Bg7
9.Bd3 Nc6 10.O-O O-O 11.Re1 b6 12.Bg5 Re8 13.Qa4 Bb7 14.Rad1 a6 15.Be4 b5
16.Qa3 Bf8 17.Ne5 Qc7 18.Bxc6 Bxc6 19.Nxc6 Qxc6 20.Bxe7 Rxe7 21.Rxe7 Ra7
22.d5 Bxe7 23.Qxe7 Rxe7 24.dxc6 Rc7 25.Rd8+ Kg7 26.Kf1 Rxc6 27.Ra8 Re6 28.a3 Kf6
29.Ra7 h5 30.h4 Rc6 31.Ke2 Ke6 32.Kd3 f6 33.g3 Kf5 34.f3 g5 35.hxg5 fxg5
36.Rf7+ Kg6 37.Rd7 h4 38.gxh4 gxh4 39.Ke2 Kg5 40.Kf2 Rxc3 41.Rd5+ Kf4 42.Rd4+ Ke5
43.Re4+ Kd5 44.a4 Rc4 45.axb5 axb5 46.Re8 Kd4 47.f4 b4 48.f5 Rc5 49.Rf8 b3
50.f6 b2 51.Rb8 Kc3 52.Kg2 Rf5 53.Rc8+ Kd3 54.Rb8 Kc2 55.Rc8+ Kb3 56.Rb8+ Ka2
57.Ra8+ Kb3 58.Rb8+ Ka2 59.Ra8+ Kb1 60.Ra6 Rc5 61.f7 Rc8 62.Rc6 Ra8 63.Ra6  1/2-1/2

[Event "Novgorod op"]
[Site "Novgorod"]
[Date "1999.03.22"]
[Round "4"]
[White "Dreev, Alexey"]
[Black "Zakharevich, Igor"]
[Result "1/2-1/2"]
[WhiteElo "2639"]
[BlackElo "2532"]

1.d4 d6 2.e4 Nf6 3.f3 c6 4.c4 e5 5.Ne2 Nbd7 6.d5 Qb6 7.Nbc3 g6 8.Ng3 cxd5
9.cxd5 Bg7 10.a4 O-O 11.a5 Qd8 12.Bd3 Nc5 13.Bc2 h5 14.Be3 h4 15.Nge2 Bd7
16.O-O Nh7 17.h3 Bf6 18.b4 Na6 19.Rb1 Bg5 20.Bf2 Nf6 21.Ba4 Nh5 22.Bxd7 Qxd7
23.Qd3 Nc7 24.b5 Ne8 25.Rb4 Nef6 26.Rc4 Ng3 27.Rb1 Nfh5 28.a6 b6 29.Rc6 Qe7
30.Rb4 Rad8 31.Rbc4 Rd7 32.Rc8 Qf6 33.Rxf8+ Kxf8 34.Rc8+ Kg7 35.Qc4 Nf4 36.Nxg3 hxg3
37.Bxg3 Bh4 38.Bxh4 Qxh4 39.Qf1 Qg5 40.Kh2 Nh5 41.Ne2 Qd2 42.h4 Re7 43.Rc6 Rd7
44.Kg1 Qe3+ 45.Qf2 Qd3 46.g4 Nf6 47.Ng3 Qxb5 48.Qd2 Nh7 49.Qe2 Qb1+ 50.Kg2 b5
51.Rc8 Qb3 52.g5 Qa4 53.Rc6 b4 54.Qc4 Qa3 55.Rc8 Qa5 56.Qc6 Rd8 57.Rc7 b3
58.Ne2 b2 59.Qb7 Qxc7 60.Qxc7 b1=Q 61.Qxd8 Qa2 62.Kf2 Qxa6 63.Ng3 Qb6+ 64.Qxb6 axb6
65.Ke3 f6 66.gxf6+ Nxf6 67.Kd3 Ne8 68.Kc4 Nc7 69.Ne2 Kh6 70.Ng3 Kg7 71.Kb4 Kh6
72.Kc4 Kg7  1/2-1/2